000 01371cam a2200265 i 4500
020 _a9781118802700
020 _a1118802705
040 _cDLC
082 _a598 JOH 2016 A118 Or.
100 1 _aQuinn, P. J.,
245 1 0 _aConcise review of veterinary microbiology /
250 _aSecond edition
300 _aviii, 197 pages ;
_c28 cm
500 _aIncludes index
520 _aUpdated to reflect the latest developments in the field, Concise Review of Veterinary Microbiology, presents essential information on veterinary microbiology for students and those requiring a refresher on key topics relating to microbial diseases in animals. Morphological, cultural and other descriptive features of pathogenic microorganisms are described, together with their habitats and aetiological roles in disease production in animals and , where appropriate, in the human population. Provides veterinary students, veterinary technician and nursing students, and practitioners alike with an essential resource for the review of all aspects of veterinary microbiology.--COVER
650 0 _aVeterinary microbiology.
650 1 2 _aAnimal Diseases
650 1 2 _aAnimal Population Groups
650 2 2 _aMicrobiological Phenomena.
700 1 _aMarkey, B. K.
700 1 _aLeonard, F. C.,
700 1 _aFitzPatrick, E. S.,
700 1 _aFanning, S.,
942 _cAEDBB
999 _c20751
_d20751